Statystyki dla Top 5 najludniejszych państw Ameryki Pólnocnej

Kliknij tutaj aby rozwiązać quiz!

Ogólne statystyki

  • Ten quiz został rozwiązany 333 razy
  • Średni wynik to 4 z 5

Statystyki odpowiedzi

Liczba ludnościPaństwa% Poprawnych
308 878 000Stany Zjednoczone
100%
33 989 000Kanada
99%
107 563 000Meksyk
98%
13 346 000Kuba
88%
15 655 000Gwatemala
59%

Rozkład punktacji

Percentyl według liczby udzielonych odpowiedzi

Procent ludzi z każdym wynikiem

Twoja historia wyników

Nie rozwiązałeś tego quizu